Managerial finance. Volume 34, Number 2, Effects of computer innovation on financial practice

Bibliographic Details
Corporate Author: ProQuest (Firm)
Other Authors: Winters, Drew B.
Format: Electronic eBook
Language:English
Published: [Bradford, England] : Emerald, 2008.
Series:Managerial finance ; v. 34, no. 2
Subjects:
Online Access:Click to View
LEADER 01259nam a2200337Ia 4500
001 EBC348656
003 MiAaPQ
005 20200520144314.0
006 m o d |
007 cr cn|||||||||
008 000815s2008 enk sb 000 0 eng d
020 |z 9781846637445 
035 |a (MiAaPQ)EBC348656 
035 |a (Au-PeEL)EBL348656 
035 |a (CaPaEBR)ebr10229721 
035 |a (CaONFJC)MIL138530 
035 |a (OCoLC)244485522 
040 |a MiAaPQ  |c MiAaPQ  |d MiAaPQ 
050 4 |a HF5667  |b .M3632 2008 
245 0 0 |a Managerial finance.  |n Volume 34, Number 2,  |p Effects of computer innovation on financial practice  |h [electronic resource] /  |c Guest editor: Drew B. Winters. 
260 |a [Bradford, England] :  |b Emerald,  |c 2008. 
300 |a p. 74-138. 
490 0 |a Managerial finance ;  |v v. 34, no. 2 
504 |a Includes bibliographical references. 
533 |a Electronic reproduction. Ann Arbor, MI : ProQuest, 2015. Available via World Wide Web. Access may be limited to ProQuest affiliated libraries. 
650 0 |a Auditing. 
650 0 |a Management. 
655 4 |a Electronic books. 
700 1 |a Winters, Drew B. 
710 2 |a ProQuest (Firm) 
856 4 0 |u https://ebookcentral.proquest.com/lib/matrademy/detail.action?docID=348656  |z Click to View